Normal view
MARC view
- HUSSAM, USMAN
Entry Personal Name
001 - CONTROL NUMBER
- control field: 72095
003 - CONTROL NUMBER IDENTIFIER
- control field: NUST
005 - DATE AND TIME OF LATEST TRANSACTION
- control field: 20210628204736.0
008 - FIXED-LENGTH DATA ELEMENTS
- fixed length control field: 210628|| aca||aabn | a|a d
040 ## - CATALOGING SOURCE
- Original cataloging agency: NUST
- Transcribing agency: NUST
100 ## - HEADING--PERSONAL NAME
- Personal name: HUSSAM, USMAN
670 ## - SOURCE DATA FOUND
- Source citation: Work cat.: (NUST): HUSSAM, USMAN,, PR-SOF-1292-IMPLEMENTATION OF REAL TIME SIGNAL ANALYZER IN FPGA, 2013
